000 01314nam a2200301Ia 4500
001 ebr10341789
003 CaPaEBR
006 m u
007 cr cn|||||||||
008 090804s2009 gw a sb 001 0 eng d
020 _z9783527407095
020 _z352740709X
040 _aCaPaEBR
_cCaPaEBR
035 _a(OCoLC)501317088
050 1 4 _aQC6.4.C56
_bG39 2009eb
100 1 _aGazeau, Jean-Pierre.
245 1 0 _aCoherent states in quantum physics
_h[electronic resource] /
_cby Jean-Pierre Gazeau.
260 _aWeinheim :
_bWiley-VCH,
_c2009.
300 _axiv, 344 p. :
_bill.
500 _a"Originates from a series of advanced lectures on coherent states in physics, delivered in Strasbourg, Louvain-la-Neuve, Paris, Rio de Janeiro, Rabat, and Bialystok, over the period from 1997 to 2008"--Pref.
504 _aIncludes bibliographical references and index.
533 _aElectronic reproduction.
_bPalo Alto, Calif. :
_cebrary,
_d2010.
_nAvailable via World Wide Web.
_nAccess may be limited to ebrary affiliated libraries.
650 0 _aCoherent states.
650 0 _aQuantum theory.
655 7 _aElectronic books.
_2local
710 2 _aebrary, Inc.
856 4 0 _uhttp://site.ebrary.com/lib/rucke/Doc?id=10341789
_zAn electronic book accessible through the World Wide Web; click to view
999 _c46299
_d46299